000 01261nam a2200349 a 4500
001 41817
003 Mx-PuUPA
005 20250813090508.0
008 140415s2001 a gr 001 0 spa d
017 _aNA 2251-2001
020 _a8493144959
040 _cMx-PuUPA
_aMx-PuUPA
_bspa
_dMx-PuUPA
_erda
041 0 _aspa
100 1 _aPalafox y Mendoza, Juan de,
_d1600-1659
_96103
_eautor
245 1 3 _aEl Pastor de Nochebuena /
_cJuan de Palafox y Mendoza ; edición, estudio y notas de Miguel Zugasti
264 1 _aNavarra, España :
_bAsociación de Amigos del Monasterio de Fitero,
_c©2001
300 _a301 páginas :
_bilustraciones (blanco y negro) ;
_c24 cm
336 _2rdacontent
_atexto
_btxt
337 _2rdamedia
_asin medio
_bn
338 _2rdacarrier
_avolumen
_bnc
600 1 4 _2armarc
_aPalafox y Mendoza, Juan de
650 7 _2armarc
_aAscetismo
_xHistoria
650 7 _2armarc
_aMisticismo
650 7 _2armarc
_aVicios
650 7 _2armarc
_aVirtudes
650 7 _2armarc
_aTeología pastoral
_ySiglo XVII
700 1 _aZugsati, Miguel,
_eeditor
_eautor de estudio
_eautor de notas
942 _2ddc
_cLI
_h241.4
_iP53
999 _c41817
_d41817